Konsolidovaná účtovná závierka - nástroj rozhodovania manažmentu podnikateľského subjektu dizertačná práca
Enregistré dans:
| Auteur principal: | |
|---|---|
| Collectivité auteur: | |
| Autres auteurs: | |
| Format: | Livre |
| Langue: | slovaque |
| Publié: |
Bratislava
2001
|
| Sujets: | |
| Tags: |
Pas de tags, Soyez le premier à ajouter un tag!
|
MARC
| LEADER | 00000nam$a2200000$$$4500 | ||
|---|---|---|---|
| 001 | 0036526 | ||
| 005 | 20240104092540.7 | ||
| 041 | 0 | |a slo | |
| 044 | |a SK | ||
| 245 | 1 | 0 | |a Konsolidovaná účtovná závierka - nástroj rozhodovania manažmentu podnikateľského subjektu |b dizertačná práca |c Jozef Škultéty ; školiteľ: Jana Hvoždarová |
| 264 | 1 | |a Bratislava |c 2001 | |
| 300 | |a 153 s. | ||
| 610 | 2 | 0 | |a závierka účtovná konsolidovaná |
| 610 | 2 | 0 | |a úpravy právne |
| 610 | 2 | 0 | |a Slovensko |
| 610 | 2 | 0 | |a oceňovanie |
| 610 | 2 | 0 | |a Európska únia |
| 610 | 2 | 0 | |a ukazovatele finančné |
| 610 | 2 | 0 | |a analýza finančná |
| 100 | 1 | |a Škultéty, Jozef | |
| 700 | 1 | |a Hvoždarová, Jana | |
| 710 | 2 | |a Fakulta hospodárskej informatiky EU. Katedra účtovníctva | |